| 000 | 00873nam a2200229 a 4500 | ||
|---|---|---|---|
| 001 | 47505 | ||
| 003 | BD-RjUL | ||
| 005 | 20211209054330.0 | ||
| 008 | 160809s1999 bg ||||| |||| 00| 0 ben d | ||
| 020 |
_a9848005129 _c: Tk. 150.00 |
||
| 035 | _a(BD-RjUL)47624 | ||
| 040 |
_aBD-RjUL _bben _cBD-RjUL |
||
| 041 | _aben | ||
| 082 |
_223 _a891.4409 _bMAS 1999 |
||
| 100 | 1 |
_aমাহমুদ, অনীক _9119322 |
|
| 245 | 1 | _aসাহিত্যে সাম্যবাদ থেকে মুক্তিযুদ্ধ / | |
| 260 |
_aঢাকা : _bআফসার ব্রাদার্স, _c১৯৯৯ |
||
| 300 |
_a২৩১ পৃ. ; _c২২ সেমি. |
||
| 650 |
_aবাংলা সাহিত্য _vইতিহাস ও সমালোচনা _9117445 |
||
| 650 |
_aBengali Literature _vHistory and Criticism _9144437 |
||
| 942 |
_2ddc _cBK |
||
| 999 |
_c47505 _d47505 |
||